[Event "Howard Ridout Swiss U2000"]
[Site "Toronto CAN"]
[Date "2010.10.14"]
[Round "5"]
[White "Kurkowski, Ken"]
[Black "Moran-Venegas, Mario"]
[Result "1-0"]
[WhiteElo "1638"]
[BlackElo "1731"]
[PlyCount "45"]
[EventDate "2010.09.09"]
[EventType "swiss"]
[EventRounds "6"]
[EventCountry "CAN"]

1. e4 c5 2. Nc3 Nc6 3. f4 e6 4. Nf3 Nge7 5. Bb5 a6 6. Bxc6 bxc6 7. O-O c4 8. d4
cxd3 9. Qxd3 a5 10. Qd4 Qc7 11. Be3 Rb8 12. b3 Ng6 13. Qd2 Be7 14. f5 exf5 15.
exf5 Ne5 16. Nxe5 Qxe5 17. Bd4 Qd6 18. Rae1 O-O 19. Ne4 Qb4 20. c3 Qb5 21. f6
gxf6 22. Bxf6 Ba3 23. Qh6 1-0

[Event "Howard Ridout Swiss U2000"]
[Site "Toronto CAN"]
[Date "2010.10.14"]
[Round "5"]
[White "Maister, Martin"]
[Black "Huston, Scott"]
[Result "1-0"]
[WhiteElo "1911"]
[BlackElo "1736"]
[PlyCount "105"]
[EventDate "2010.09.09"]
[EventType "swiss"]
[EventRounds "6"]
[EventCountry "CAN"]

1. c4 Nf6 2. Nc3 e6 3. d4 Bb4 4. g3 c5 5. Nf3 d5 6. Bg2 O-O 7. O-O Nbd7 8. cxd5
exd5 9. a3 Bxc3 10. bxc3 cxd4 11. cxd4 Nb6 12. Ne5 Ng4 13. a4 Nxe5 14. dxe5 Be6
15. Ba3 Re8 16. f4 Nc4 17. Bc5 b6 18. Bd4 Qd7 19. Qd3 Bh3 20. Bxh3 Qxh3 21. e4
Qd7 22. Rfd1 a6 23. Qb3 b5 24. exd5 Qxd5 25. Bf2 Qc6 26. Rdc1 Rab8 27. axb5
axb5 28. Rab1 Qe4 29. Re1 Qb7 30. Qb4 Red8 31. Red1 Qf3 32. Qe1 Rxd1 33. Qxd1
Qxd1+ 34. Rxd1 Kf8 35. Bc5+ Ke8 36. Bb4 Rd8 37. Rxd8+ Kxd8 38. Kf2 Kd7 39. Kf3
Ke6 40. Ke4 f5+ 41. exf6 gxf6 42. g4 Nd6+ 43. Kd4 f5 44. Bxd6 Kxd6 45. g5 b4
46. Kc4 b3 47. Kxb3 Kd5 48. h4 Ke6 49. h5 Kf7 50. Kc4 Kg7 51. Kd5 h6 52. g6 Kf6
53. Kd6 1-0

[Event "Howard Ridout Swiss U2000"]
[Site "Toronto CAN"]
[Date "2010.10.14"]
[Round "5"]
[White "Posaratnanathan, Juliaan"]
[Black "Triefeldt, Jack"]
[Result "0-1"]
[WhiteElo "1883"]
[BlackElo "1784"]
[PlyCount "86"]
[EventDate "2010.09.09"]
[EventType "swiss"]
[EventRounds "6"]
[EventCountry "CAN"]

1. e4 c6 2. d4 d5 3. e5 Bf5 4. Nf3 e6 5. Be2 c5 6. c3 Nc6 7. O-O cxd4 8. cxd4
Qb6 9. Bd3 Nge7 10. Nc3 Bxd3 11. Qxd3 Nf5 12. Be3 Be7 13. Rfc1 Nxe3 14. fxe3
O-O 15. a3 Na5 16. Nd2 Nb3 17. Nxb3 Qxb3 18. Qb5 Qxb5 19. Nxb5 a6 20. Nc3 b5
21. Ne2 Rfc8 22. Rxc8+ Rxc8 23. Rc1 Rc4 24. Kf2 Rxc1 25. Nxc1 b4 26. a4 a5 27.
Nb3 Bd8 28. Ke2 Kf8 29. Nc5 Ke8 30. Kd3 Ke7 31. e4 dxe4+ 32. Nxe4 f6 33. Kc4
fxe5 34. dxe5 Bc7 35. Kb5 Bxe5 36. Kxa5 Bxb2 37. Kxb4 e5 38. a5 Kd7 39. a6 Bd4
40. Nc5+ Kc6 41. a7 Bxc5+ 42. Kc4 Bxa7 43. Kd3 Kd5 0-1

[Event "Howard Ridout Swiss U2000"]
[Site "Toronto CAN"]
[Date "2010.10.14"]
[Round "5"]
[White "Rapoport, Alexander"]
[Black "Su, Stanley"]
[Result "1/2-1/2"]
[WhiteElo "1875"]
[BlackElo "1774"]
[PlyCount "134"]
[EventDate "2010.09.09"]
[EventType "swiss"]
[EventRounds "6"]
[EventCountry "CAN"]

1. d4 Nf6 2. Nf3 g6 3. Nbd2 Bg7 4. e4 d6 5. Bd3 O-O 6. O-O Nbd7 7. c3 e5 8. Qc2
Nh5 9. Re1 Nf4 10. Bf1 Nb6 11. h3 f5 12. exf5 Bxf5 13. Qb3+ Be6 14. Qd1 exd4
15. cxd4 Bd5 16. Ne4 Qd7 17. a4 Qf5 18. Ng3 Nxh3+ 19. gxh3 Qxf3 20. Qxf3 Bxf3
21. Be3 Rae8 22. a5 Nd5 23. Rac1 Nxe3 24. fxe3 Re7 25. Bg2 Bxg2 26. Kxg2 Rfe8
27. Nf1 Bxd4 28. Rc4 Bxb2 29. Rb1 Be5 30. Rxb7 c5 31. Rb3 Bf6 32. Kf3 Re5 33.
Rb7 R8e7 34. Rb8+ Re8 35. Rb7 R8e7 36. Rb3 Rc7 37. e4 Bg5 38. Ng3 Rf7+ 39. Kg2
Bh4 40. Rd3 Rf8 41. Rc2 Bxg3 42. Kxg3 Rf7 43. Rcd2 Re6 44. Rxd6 Rxe4 45. Rc6
Rc4 46. Rf2 Kg7 47. Rxf7+ Kxf7 48. Rc7+ Ke6 49. Rxh7 Ra4 50. Rxa7 c4 51. Ra6+
Kd5 52. Rxg6 c3 53. Rg5+ Kc6 54. Rg6+ Kb5 55. Kf3 c2 56. Rg1 Kxa5 57. Rc1 Rc4
58. Ke3 Kb4 59. h4 Kb3 60. h5 Kb2 61. Rg1 c1=Q+ 62. Rxc1 Rxc1 63. Kf4 Rh1 64.
Kg5 Kc3 65. Kg6 Kd4 66. h6 Ke5 67. h7 Rxh7 1/2-1/2

[Event "Howard Ridout Swiss U2000"]
[Site "Toronto CAN"]
[Date "2010.10.14"]
[Round "5"]
[White "Song, Lin"]
[Black "Paterson, Jim"]
[Result "1-0"]
[WhiteElo "1693"]
[BlackElo "1896"]
[PlyCount "95"]
[EventDate "2010.09.09"]
[EventType "swiss"]
[EventRounds "6"]
[EventCountry "CAN"]

1. e4 c6 2. d4 d5 3. f3 g6 4. Nc3 Bg7 5. Be3 Be6 6. Nge2 dxe4 7. fxe4 Bc4 8.
Ng3 Bxf1 9. Rxf1 Nf6 10. e5 Nd5 11. Qf3 O-O 12. Nxd5 Qxd5 13. Qxd5 cxd5 14. Ne2
Nc6 15. c3 b5 16. h4 a5 17. g4 b4 18. Rb1 a4 19. h5 Rfb8 20. Kf2 Ra7 21. Nf4 e6
22. Bd2 Rab7 23. Nd3 bxc3 24. Bxc3 Bf8 25. Ke3 Nb4 26. Nxb4 Bxb4 27. Bxb4 Rxb4
28. Rf2 Rc8 29. hxg6 hxg6 30. Rd2 a3 31. b3 Rc3+ 32. Rd3 Rc2 33. Rd2 Rc3+ 34.
Rd3 Rc8 35. Kd2 Kg7 36. g5 Rh8 37. Kc3 Rb7 38. Rg1 Rh2 39. Rd2 Rc7+ 40. Kd3
Rh3+ 41. Ke2 Rcc3 42. b4 Rhe3+ 43. Kd1 Rc4 44. Rf1 Rxb4 45. Rdf2 Rxd4+ 46. Kc2
Rc4+ 47. Kd2 Rxe5 48. Rxf7+ 1-0

[Event "Howard Ridout Swiss U2000"]
[Site "Toronto CAN"]
[Date "2010.10.14"]
[Round "5"]
[White "Ward, Dean"]
[Black "Bao, Stephen"]
[Result "1-0"]
[WhiteElo "1792"]
[BlackElo "1758"]
[PlyCount "81"]
[EventDate "2010.09.09"]
[EventType "swiss"]
[EventRounds "6"]
[EventCountry "CAN"]

1. d4 Nf6 2. c4 e6 3. Nc3 Bb4 4. Qc2 c5 5. e3 cxd4 6. exd4 Nc6 7. Nf3 h6 8. Bd3
d5 9. c5 Qc7 10. O-O Bxc3 11. Qxc3 O-O 12. Re1 Re8 13. b4 a6 14. Bd2 Kh8 15.
Bc2 Ng8 16. Qd3 f5 17. Nh4 Qf7 18. a4 Bd7 19. Nf3 Nf6 20. b5 Ne7 21. Ne5 Qg8
22. Rab1 axb5 23. axb5 Rec8 24. Bb4 Qe8 25. c6 bxc6 26. Bxe7 cxb5 27. Bc5 Ne4
28. Nxd7 Qxd7 29. Qxb5 Nxc5 30. dxc5 Qxb5 31. Rxb5 Ra3 32. Rxe6 Rc3 33. Re2 d4
34. Rd2 d3 35. Bd1 Re8 36. f4 Re4 37. g3 Re1+ 38. Kf2 Rh1 39. Ke3 Rc1 40. Bf3
Rhf1 41. Rxd3 1-0

[Event "Howard Ridout Swiss U2000"]
[Site "Toronto CAN"]
[Date "2010.10.14"]
[Round "5"]
[White "Zotkin, Daniel"]
[Black "Rutherdale, William"]
[Result "1-0"]
[WhiteElo "1643"]
[BlackElo "1729"]
[PlyCount "85"]
[EventDate "2010.09.09"]
[EventType "swiss"]
[EventRounds "6"]
[EventCountry "CAN"]

1. e4 e5 2. Nf3 Nc6 3. Bc4 Bc5 4. O-O Nf6 5. d4 Bxd4 6. Nxd4 Nxd4 7. Bg5 d6 8.
Nc3 Be6 9. Nd5 c6 10. Ne3 Qd7 11. Bxf6 gxf6 12. c3 Nb5 13. f4 O-O-O 14. Bxb5
cxb5 15. a4 Qc6 16. Nd5 Bxd5 17. Qxd5 Qxd5 18. exd5 bxa4 19. Rxa4 a6 20. c4 Rd7
21. fxe5 fxe5 22. Raa1 Rf8 23. Rf6 Kc7 24. Kf2 Re7 25. Ke3 Rg8 26. g3 Rg6 27.
Raf1 Rxf6 28. Rxf6 Rd7 29. Ke4 Kb6 30. b4 a5 31. c5+ Kb5 32. Rxd6 Re7 33. Rb6+
Ka4 34. b5 Kb4 35. c6 bxc6 36. bxc6+ Kc5 37. Rb7 Re8 38. c7 Rc8 39. Kxe5 a4 40.
d6 Kc6 41. Rb8 Kd7 42. Rxc8 Kxc8 43. Kd4 1-0

[Event "Howard Ridout Swiss U2000"]
[Site "Toronto CAN"]
[Date "2010.10.21"]
[Round "6"]
[White "Bao, Stephen"]
[Black "Ugodnikov, Arkadiy"]
[Result "1-0"]
[WhiteElo "1758"]
[BlackElo "1902"]
[PlyCount "60"]
[EventDate "2010.09.09"]
[EventType "swiss"]
[EventRounds "6"]
[EventCountry "CAN"]

1. e4 e5 2. Nf3 Nc6 3. Bb5 a6 4. Ba4 Nf6 5. O-O Be7 6. Re1 b5 7. Bb3 O-O 8. c3
d5 9. exd5 Nxd5 10. Nxe5 Nxe5 11. Rxe5 c6 12. d4 Bd6 13. Re1 Qh4 14. g3 Qh3 15.
Qd3 Bg4 16. Bxd5 cxd5 17. Be3 Rae8 18. Nd2 f5 19. Qf1 Qh5 20. Qg2 f4 21. Bxf4
Bxf4 22. gxf4 Bh3 23. Qf3 Bg4 24. Qg2 Be2 25. f3 Bd3 26. Qg5 Qf7 27. Re5 Qxf4
28. Qxf4 Rxf4 29. Rxe8+ Kf7 30. Rae1 Bg6 1-0

[Event "Howard Ridout Swiss U2000"]
[Site "Toronto CAN"]
[Date "2010.10.21"]
[Round "6"]
[White "Bellomo, Joe"]
[Black "Maister, Martin"]
[Result "1/2-1/2"]
[WhiteElo "1696"]
[BlackElo "1911"]
[PlyCount "100"]
[EventDate "2010.09.09"]
[EventType "swiss"]
[EventRounds "6"]
[EventCountry "CAN"]

1. e4 c5 2. Nf3 d6 3. d4 cxd4 4. Nxd4 Nf6 5. Nc3 a6 6. Bc4 e6 7. O-O b5 8. Bd3
Bb7 9. a3 Nbd7 10. Kh1 Ne5 11. f4 Nxd3 12. cxd3 Be7 13. Be3 Nd7 14. Qg4 g6 15.
Nxe6 fxe6 16. Qxe6 Nc5 17. Qh3 Qd7 18. Qg3 O-O-O 19. Nd5 Bxd5 20. exd5 Qf5 21.
Rac1 Kb7 22. Bxc5 dxc5 23. Rfe1 Bd6 24. Re4 Qxd5 25. Rce1 Rhf8 26. Qf3 Rd7 27.
Qg4 Qf5 28. Qf3 Kb6 29. g4 Qd5 30. Kg1 Re7 31. Qh3 Rxe4 32. Rxe4 c4 33. Qe3+
Bc5 34. d4 Bd6 35. h4 h5 36. g5 Qf5 37. Kh1 Qg4 38. d5+ Ka5 39. Qc3+ Kb6 40.
Qe3+ Ka5 41. Qc3+ b4 42. axb4+ Bxb4 43. Qxc4 Qxh4+ 44. Kg2 Qg4+ 45. Kf2 Qh4+
46. Kf3 Qh3+ 47. Kf2 Qh2+ 48. Kf3 Qh1+ 49. Kf2 Qh2+ 50. Kf3 Qxb2 1/2-1/2

[Event "Howard Ridout Swiss U2000"]
[Site "Toronto CAN"]
[Date "2010.10.21"]
[Round "6"]
[White "Huston, Scott"]
[Black "Manalo, Pepin"]
[Result "0-1"]
[WhiteElo "1736"]
[BlackElo "1872"]
[PlyCount "98"]
[EventDate "2010.09.09"]
[EventType "swiss"]
[EventRounds "6"]
[EventCountry "CAN"]

1. d4 g6 2. c4 Bg7 3. Nc3 Nf6 4. e4 d6 5. Nge2 O-O 6. Ng3 Nbd7 7. Be2 e5 8. d5
Qe7 9. h4 c6 10. h5 cxd5 11. cxd5 a6 12. hxg6 fxg6 13. Bg5 Qf7 14. Qd2 b5 15.
a3 Nc5 16. Bd1 Ng4 17. f3 Nf6 18. b4 Ncd7 19. O-O Nb6 20. Be2 Bd7 21. Be3 Nc4
22. Bxc4 bxc4 23. Qe2 Rac8 24. Rac1 Be8 25. a4 Qb7 26. Rb1 h5 27. b5 axb5 28.
Nxb5 Qa6 29. Nc3 Rf7 30. Rb6 Qa5 31. Qc2 Bf8 32. Rfb1 Nd7 33. R6b4 Qa6 34. Nb5
c3 35. Nxc3 Nc5 36. Rb6 Qa5 37. Nce2 Bxa4 38. Qd2 Qa7 39. f4 h4 40. fxe5 hxg3
41. exd6 Nxe4 42. Qd3 Bc2 43. Qb5 Bxb1 44. Qxb1 Re8 45. d7 Qxd7 46. Nxg3 Qg4
47. Nxe4 Rxe4 48. Bf2 Rxf2 49. Rxg6+ Qxg6 0-1

[Event "Howard Ridout Swiss U2000"]
[Site "Toronto CAN"]
[Date "2010.10.21"]
[Round "6"]
[White "Karmalkar, Vilas"]
[Black "Posaratnanathan, Juliaan"]
[Result "0-1"]
[WhiteElo "1616"]
[BlackElo "1883"]
[PlyCount "96"]
[EventDate "2010.09.09"]
[EventType "swiss"]
[EventRounds "6"]
[EventCountry "CAN"]

1. Nf3 c5 2. c4 Nf6 3. Nc3 Nc6 4. e4 g6 5. a3 Bg7 6. Rb1 Ng4 7. Be2 Nge5 8. O-O
O-O 9. d3 Nxf3+ 10. Bxf3 Nd4 11. Re1 d6 12. Nd5 e6 13. Nf4 f5 14. Kh1 Nxf3 15.
gxf3 fxe4 16. fxe4 e5 17. Nd5 Rxf2 18. Be3 Rf7 19. Qe2 Be6 20. Nc3 Qd7 21. Rg1
Raf8 22. Rg3 a6 23. Rbg1 b5 24. b3 bxc4 25. bxc4 Rb8 26. Qd2 Rb3 27. a4 Qb7 28.
Nd1 Qb4 29. Qxb4 Rxb4 30. Nc3 Rb3 31. Bd2 Rf2 32. Be1 Rc2 33. Nd1 Bh6 34. Nf2
Bd2 35. Bxd2 Rxd2 36. Rf3 Kg7 37. h4 Rbb2 38. Ng4 Bxg4 39. Rxg4 Rb1+ 40. Rg1
Rxg1+ 41. Kxg1 Ra2 42. Rf1 Rxa4 43. Kf2 Ra2+ 44. Kg3 Rd2 45. Kg4 Rxd3 46. Ra1
Rd4 47. Kf3 Rxc4 48. Rxa6 Rd4 0-1

[Event "Howard Ridout Swiss U2000"]
[Site "Toronto CAN"]
[Date "2010.10.21"]
[Round "6"]
[White "Kurkowski, Ken"]
[Black "Azmitia, Gabriel"]
[Result "1-0"]
[WhiteElo "1638"]
[BlackElo "1611"]
[PlyCount "125"]
[EventDate "2010.09.09"]
[EventType "swiss"]
[EventRounds "6"]
[EventCountry "CAN"]

1. e4 e5 2. Nf3 Nc6 3. d4 exd4 4. Bc4 Bb4+ 5. Bd2 Bxd2+ 6. Qxd2 d6 7. Nxd4 Nxd4
8. Qxd4 Nf6 9. Nc3 Bd7 10. O-O-O Qe7 11. Rhe1 Qe5 12. Qxe5+ dxe5 13. Nd5 Nxd5
14. Rxd5 f6 15. Red1 Rd8 16. R5d2 Ke7 17. h3 b5 18. Be2 Bc6 19. f3 a6 20. b4
Rd7 21. Rxd7+ Bxd7 22. c4 bxc4 23. Bxc4 c6 24. Kb2 Rb8 25. Kc3 Ra8 26. a3 a5
27. bxa5 Rxa5 28. Kb4 Ra8 29. Ra1 Kd6 30. Rd1+ Kc7 31. Ra1 Kb6 32. Rd1 c5+ 33.
Kc3 Rxa3+ 34. Kb2 Ra7 35. Rd6+ Kc7 36. Rd2 Ra4 37. Kb3 Rb4+ 38. Kc3 Ra4 39.
Rxd7+ Kxd7 40. Bb5+ Kd6 41. Bxa4 g5 42. g4 Ke7 43. Kc4 Kd6 44. Bb5 Ke7 45. Kxc5
Ke6 46. Bc4+ Kd7 47. Kd5 Ke7 48. Kc6 Kf8 49. Kd6 Kg7 50. Ke7 h6 51. Bf7 Kh8 52.
Kxf6 Kh7 53. Kxe5 Kg7 54. Bd5 Kg6 55. Kd6 h5 56. e5 h4 57. e6 Kg7 58. e7 Kh6
59. e8=Q Kg7 60. Ke6 Kh6 61. Kf6 Kh7 62. Qg8+ Kh6 63. Qg6# 1-0

[Event "Howard Ridout Swiss U2000"]
[Site "Toronto CAN"]
[Date "2010.10.21"]
[Round "6"]
[White "Mesiti, Silvano"]
[Black "Rutherdale, William"]
[Result "1/2-1/2"]
[WhiteElo "1674"]
[BlackElo "1729"]
[PlyCount "101"]
[EventDate "2010.09.09"]
[EventType "swiss"]
[EventRounds "6"]
[EventCountry "CAN"]

1. e4 e5 2. Nf3 Nc6 3. Nc3 Bc5 4. Bc4 Nf6 5. O-O d6 6. h3 O-O 7. d3 h6 8. a3
Qe7 9. Na4 Be6 10. Bxe6 Qxe6 11. Nxc5 dxc5 12. Be3 c4 13. Qe2 cxd3 14. cxd3
Rfd8 15. Rfd1 Rd7 16. b4 a6 17. Qc2 Rad8 18. Rac1 Kh8 19. Kf1 Kh7 20. Ke2 Kg8
21. Qc3 Ne8 22. Rc2 Nd6 23. a4 Nxe4 24. Qb2 Qd6 25. Rc4 f5 26. a5 Nf6 27. Qb3
Kh8 28. Ne1 Nd4+ 29. Bxd4 exd4 30. Nf3 Qf4 31. Kf1 Re8 32. Qc2 c6 33. Qb2 Red8
34. Kg1 Ne8 35. Re1 Nc7 36. Ne5 Qg5 37. Nxd7 Rxd7 38. Rxd4 Nd5 39. Qe2 Re7 40.
Qf1 Rd7 41. Re2 Kh7 42. Qe1 Nf4 43. Rxf4 Qxf4 44. Re3 Rd4 45. g3 Qd6 46. Qc3
Qxb4 47. Qa1 Rd7 48. Rf3 Kg6 49. Qe5 Rd5 50. Qe6+ Kh7 51. Rxf5 1/2-1/2

[Event "Howard Ridout Swiss U2000"]
[Site "Toronto CAN"]
[Date "2010.10.21"]
[Round "6"]
[White "Paterson, Jim"]
[Black "Morra, Lui"]
[Result "1-0"]
[WhiteElo "1896"]
[BlackElo "1703"]
[PlyCount "59"]
[EventDate "2010.09.09"]
[EventType "swiss"]
[EventRounds "6"]
[EventCountry "CAN"]

1. d4 Nf6 2. Nf3 g6 3. g3 Bg7 4. Bg2 d5 5. c4 c6 6. O-O Bf5 7. b3 O-O 8. Nc3
Qc8 9. Bg5 Rd8 10. Rc1 dxc4 11. bxc4 Bh3 12. Qb3 Bxg2 13. Kxg2 b6 14. Rfd1 Qf5
15. Qc2 Qa5 16. e4 h6 17. Bxf6 Bxf6 18. e5 Bg7 19. d5 cxd5 20. cxd5 Kh7 21. Qe4
Na6 22. Qf4 Rac8 23. Qxf7 Rxc3 24. Nh4 Rxc1 25. Qxg6+ Kh8 26. Nf5 Rg8 27. Nxh6
Rf8 28. Nf7+ Rxf7 29. Qxf7 Rc8 30. Rd4 1-0

[Event "Howard Ridout Swiss U2000"]
[Site "Toronto CAN"]
[Date "2010.10.21"]
[Round "6"]
[White "Radpey, Abdolreza"]
[Black "Gillis, Doug"]
[Result "1-0"]
[WhiteElo "1641"]
[BlackElo "1675"]
[PlyCount "43"]
[EventDate "2010.09.09"]
[EventType "swiss"]
[EventRounds "6"]
[EventCountry "CAN"]

1. c4 Nf6 2. d4 e6 3. Nc3 Bb4 4. Qc2 Nc6 5. e3 O-O 6. Bd2 d5 7. a3 Bxc3 8. bxc3
e5 9. cxd5 Qxd5 10. f3 exd4 11. cxd4 Re8 12. Ne2 Qd6 13. g3 Nd5 14. Kf2 Qe7 15.
e4 Nf6 16. h4 b6 17. Qxc6 Ba6 18. Bf4 Rab8 19. Nc3 Bb7 20. Qxc7 Nd7 21. Bh3 Bc8
22. Nd5 1-0

[Event "Howard Ridout Swiss U2000"]
[Site "Toronto CAN"]
[Date "2010.10.21"]
[Round "6"]
[White "Su, Stanley"]
[Black "Jizan, Masoud"]
[Result "1-0"]
[WhiteElo "1774"]
[BlackElo "1819"]
[PlyCount "98"]
[EventDate "2010.09.09"]
[EventType "swiss"]
[EventRounds "6"]
[EventCountry "CAN"]

1. e4 c5 2. Na3 Nc6 3. Bb5 Qb6 4. c3 Nf6 5. d3 g6 6. f4 d6 7. Nf3 Bg7 8. Bxc6+
Qxc6 9. O-O Bg4 10. h3 Bc8 11. Nc2 b5 12. e5 Nd7 13. d4 Bb7 14. Ne3 dxe5 15.
fxe5 Rd8 16. Qb3 c4 17. Qb4 Qb6 18. a4 a6 19. axb5 axb5 20. Ra5 Bc6 21. d5 Bxd5
22. Rxb5 Qa7 23. Rxd5 O-O 24. Ra5 Qb6 25. Qxb6 Nxb6 26. Rb5 Rb8 27. Nd5 Nxd5
28. Rxd5 Rbc8 29. Rfd1 Rc6 30. Rd8 Rc5 31. Rxf8+ Bxf8 32. Rd8 Kg7 33. Rd4 e6
34. Bg5 Rc8 35. Bf6+ Kg8 36. Rd8 Rxd8 37. Bxd8 Bc5+ 38. Kf1 Be3 39. Bg5 Bxg5
40. Nxg5 h6 41. Ne4 Kf8 42. Nd6 Ke7 43. Nxc4 Kd7 44. Ke2 Kc6 45. Kd3 Kd5 46. b4
g5 47. b5 h5 48. b6 Kc6 49. Kd4 Kb5 1-0

[Event "Howard Ridout Swiss U2000"]
[Site "Toronto CAN"]
[Date "2010.10.21"]
[Round "6"]
[White "Yusuf, Magas"]
[Black "Conte, Mike"]
[Result "1/2-1/2"]
[WhiteElo "1858"]
[BlackElo "1830"]
[PlyCount "71"]
[EventDate "2010.09.09"]
[EventType "swiss"]
[EventRounds "6"]
[EventCountry "CAN"]

1. d4 d5 2. Nf3 Nf6 3. c4 e6 4. Nc3 c6 5. g3 Be7 6. Bg2 Nbd7 7. cxd5 exd5 8.
O-O O-O 9. Qd3 Re8 10. Rb1 Qc7 11. Bf4 Bd6 12. Bxd6 Qxd6 13. Ng5 Nf8 14. f3 h6
15. Nh3 Bd7 16. Nf2 Re7 17. e4 dxe4 18. fxe4 Ng4 19. Rbd1 Rae8 20. h3 Nxf2 21.
Rxf2 Qg6 22. Rdf1 Ne6 23. Kh2 f6 24. d5 Ng5 25. Qc4 Kh8 26. Rf4 Re5 27. Qa4 a6
28. Qb4 b5 29. Qd6 Qf7 30. dxc6 Bc8 31. b3 Qa7 32. Nd5 Qd4 33. c7 R5e6 34. Qb4
Qxb4 35. Nxb4 Nxe4 36. Re1 1/2-1/2

[Event "Howard Ridout Swiss U2000"]
[Site "Toronto CAN"]
[Date "2010.10.21"]
[Round "6"]
[White "Zotkin, Daniel"]
[Black "Verde, Pino"]
[Result "0-1"]
[WhiteElo "1848"]
[BlackElo "1643"]
[PlyCount "46"]
[EventDate "2010.09.09"]
[EventType "swiss"]
[EventRounds "6"]
[EventCountry "CAN"]

1. e4 d6 2. d4 Nf6 3. Nc3 Nbd7 4. Nf3 g6 5. Bc4 e6 6. Bg5 h6 7. Bd2 Bg7 8. h3
Nxe4 9. Nxe4 d5 10. Bxd5 exd5 11. Nc3 c6 12. Ne2 Nf6 13. Ng3 O-O 14. O-O Ne4
15. Be3 f5 16. Ne2 Qe7 17. Qc1 g5 18. Ne5 Bxe5 19. dxe5 f4 20. Bd2 Qxe5 21. Re1
Qf6 22. Nc3 Bf5 23. g4 fxg3 0-1

[Event "January TNT"]
[Site "Winnipeg CAN"]
[Date "2010.01.05"]
[Round "1"]
[White "Czarska, Katarzyna"]
[Black "Lipinska, Malgorzata"]
[Result "0-1"]
[WhiteElo "1580"]
[BlackElo "1710"]
[PlyCount "30"]
[EventDate "2010.01.05"]
[EventType "swiss"]
[EventRounds "4"]
[EventCountry "CAN"]

1. Nf3 f5 2. d4 Nf6 3. c4 e6 4. Nc3 d5 5. cxd5 exd5 6. Bg5 c6 7. e3 Bd6 8. Bd3
O-O 9. Nh4 f4 10. e4 dxe4 11. Nxe4 Qa5+ 12. Qd2 Bb4 13. Nxf6+ Rxf6 14. O-O-O
Bxd2+ 15. Rxd2 Qxg5 0-1

[Event "January TNT"]
[Site "Winnipeg CAN"]
[Date "2010.01.05"]
[Round "1"]
[White "Green, Joshua"]
[Black "Williams, Henry J"]
[Result "1/2-1/2"]
[WhiteElo "1792"]
[BlackElo "1551"]
[PlyCount "59"]
[EventDate "2010.01.05"]
[EventType "swiss"]
[EventRounds "4"]
[EventCountry "CAN"]

1. e4 c5 2. Nf3 e6 3. c4 Nc6 4. Nc3 Nf6 5. d3 d5 6. exd5 exd5 7. Bg5 d4 8. Bxf6
Qxf6 9. Ne4 Qe7 10. Be2 g6 11. O-O Bg7 12. Re1 O-O 13. Bf1 b6 14. Nc3 Qd7 15.
Nd5 Bb7 16. Qd2 Rae8 17. Rxe8 Rxe8 18. Re1 Rxe1 19. Qxe1 Nd8 20. Nf4 Bxf3 21.
gxf3 Ne6 22. Bh3 Qb7 23. Nxe6 fxe6 24. Bxe6+ Kf8 25. Bd5 Qe7 26. Qe4 Qxe4 27.
fxe4 Be5 28. Kg2 h5 29. h3 Ke7 30. Kf3 1/2-1/2

[Event "January TNT"]
[Site "Winnipeg CAN"]
[Date "2010.01.05"]
[Round "1"]
[White "Greenberg, Joe"]
[Black "Lipoka, J."]
[Result "0-1"]
[WhiteElo "1741"]
[BlackElo "2254"]
[PlyCount "66"]
[EventDate "2010.01.05"]
[EventType "swiss"]
[EventRounds "4"]
[EventCountry "CAN"]

1. e4 c5 2. Nf3 e6 3. d4 cxd4 4. Nxd4 a6 5. g3 Nf6 6. Bg2 Qc7 7. Be3 Nc6 8. c3
Ne5 9. h3 Be7 10. O-O O-O 11. Nd2 d6 12. Qe2 Rb8 13. f4 Ned7 14. g4 g6 15. Rae1
e5 16. fxe5 dxe5 17. Nc2 Bc5 18. Nb3 Bxe3+ 19. Nxe3 b5 20. Kh1 Bb7 21. Nd2 Kg7
22. Bf3 Nc5 23. Nd5 Qd6 24. g5 Nxd5 25. exd5 Bxd5 26. Qxe5+ Qxe5 27. Rxe5 Bxf3+
28. Rxf3 Ne6 29. c4 Rfd8 30. Rf2 Rd3 31. h4 bxc4 32. Nxc4 Rd4 33. Rc5 Nxc5 0-1

[Event "January TNT"]
[Site "Winnipeg CAN"]
[Date "2010.01.05"]
[Round "1"]
[White "Joventino, R."]
[Black "Ott, Wolfgang"]
[Result "1-0"]
[WhiteElo "1830"]
[BlackElo "1601"]
[PlyCount "96"]
[EventDate "2010.01.05"]
[EventType "swiss"]
[EventRounds "4"]
[EventCountry "CAN"]

1. e4 c5 2. Nf3 Nc6 3. d4 cxd4 4. Nxd4 g6 5. Be3 Bg7 6. Nc3 Nf6 7. f3 O-O 8.
Bc4 d6 9. Qd2 Bd7 10. O-O-O Ne5 11. Bb3 Qc7 12. Kb1 Rfc8 13. h4 a5 14. a3 Nc4
15. Bxc4 Qxc4 16. g4 b5 17. Nce2 b4 18. axb4 axb4 19. Nb3 Qa6 20. Nec1 Be6 21.
Qxb4 Nd7 22. Bd4 Bxb3 23. Nxb3 Qa2+ 24. Kc1 Ra4 25. Qb7 Rac4 26. Rh2 Bxd4 27.
Rxd4 R4c7 28. Qd5 Nb6 29. Qb5 Nc4 30. c3 Ne3 31. Rd3 Qa7 32. Qa5 Qb7 33. Rxe3
Qxb3 34. Rc2 Qc4 35. Ree2 Rc6 36. Qd5 Qa4 37. Kd2 e5 38. Ke1 Qa7 39. Kf1 Qe7
40. g5 Kg7 41. Rg2 Rc5 42. Qd2 R8c6 43. Rg4 Qd7 44. Qh2 Ra5 45. h5 Qa7 46. hxg6
fxg6 47. Rf2 Qe3 48. Qh6+ Kh8 1-0

[Event "January TNT"]
[Site "Winnipeg CAN"]
[Date "2010.01.05"]
[Round "1"]
[White "Kernighan, Mark"]
[Black "Wassermann, Laura"]
[Result "1-0"]
[WhiteElo "1975"]
[BlackElo "1723"]
[PlyCount "136"]
[EventDate "2010.01.05"]
[EventType "swiss"]
[EventRounds "4"]
[EventCountry "CAN"]

1. d4 d5 2. Nf3 Nf6 3. c4 e6 4. Nc3 Be7 5. Bf4 Nbd7 6. e3 b6 7. Be2 Bb7 8. O-O
O-O 9. Qb3 c5 10. Rfd1 Rc8 11. Nb5 a6 12. Nd6 Bxd6 13. Bxd6 Re8 14. Rac1 Ne4
15. Bf4 dxc4 16. Bxc4 b5 17. Be2 c4 18. Bxc4 g5 19. Be5 Nb6 20. Be2 f6 21. Bg3
Bd5 22. Qa3 h5 23. h3 Nxg3 24. fxg3 Bc4 25. Bd3 Bxd3 26. Qxd3 Kg7 27. b3 Qd6
28. Kf2 Nd5 29. Nd2 Rc7 30. Ne4 Qe7 31. Rxc7 Qxc7 32. Nc5 Qa5 33. Qd2 Qb6 34.
Rc1 a5 35. Qe2 Rh8 36. Qf3 b4 37. Rc2 Qd6 38. Ne4 Qe7 39. Rc6 f5 40. Nc5 Rh6
41. Qe2 e5 42. Rxh6 Kxh6 43. Qf3 Qf7 44. dxe5 Nc3 45. Qc6+ Kh7 46. Qd6 Qa7 47.
e6 Nd1+ 48. Ke2 Nc3+ 49. Kd3 Qa8 50. Qd7+ Kh6 51. e7 Qxg2 52. Qe6+ Kg7 53. Qe5+
Kh6 54. Qf6+ Kh7 55. Qxf5+ Kh6 56. e8=Q Qe2+ 57. Kd4 Nb5+ 58. Qxb5 Qxb5 59.
Qe6+ Kg7 60. Qd7+ Qxd7+ 61. Nxd7 Kf7 62. Kd5 Ke7 63. Nb8 Kd8 64. Nc6+ Kd7 65.
Nxa5 h4 66. gxh4 gxh4 67. Nc6 Kc7 68. e4 Kd7 1-0

[Event "January TNT"]
[Site "Winnipeg CAN"]
[Date "2010.01.05"]
[Round "1"]
[White "Magomedov, Magaram"]
[Black "Menarguez Alonso, Hector"]
[Result "1-0"]
[WhiteElo "1751"]
[BlackElo "1264"]
[PlyCount "31"]
[EventDate "2010.01.05"]
[EventType "swiss"]
[EventRounds "4"]
[EventCountry "CAN"]

1. d4 c5 2. d5 Nf6 3. c4 Qb6 4. Nc3 e6 5. e4 Qa5 6. Bd2 Bd6 7. Bd3 exd5 8. cxd5
O-O 9. f4 c4 10. Bxc4 Bxf4 11. Bxf4 Nxe4 12. Qa4 Re8 13. Qxa5 Ng3+ 14. Kd2 Nxh1
15. Nh3 b6 16. Qb5 1-0